Introduction to non-linear mechanics / (Record no. 10099)
[ view plain ]
| 000 -LEADER | |
|---|---|
| fixed length control field | 01013nam a2200289 a 4500 |
| 001 - CONTROL NUMBER | |
| control field | 10099 |
| 003 - CONTROL NUMBER IDENTIFIER | |
| rucl marc code | BD-RjUL |
| 005 - DATE AND TIME OF LATEST TRANSACTION | |
| control field | 20211208234907.0 |
| 008 - FIXED-LENGTH DATA ELEMENTS--GENERAL INFORMATION | |
| fixed length control field | 140123s1947 njua b 00010 engm |
| 035 ## - SYSTEM CONTROL NUMBER | |
| System control number | (BD-RjUL)10146 |
| 040 ## - CATALOGING SOURCE | |
| Original cataloging agency | DLC |
| Transcribing agency | VTU |
| Modifying agency | VTU |
| -- | BOS |
| -- | BD-RjUL |
| Language of cataloging | eng |
| 041 ## - LANGUAGE CODE | |
| Language code of text/sound track or separate title | eng |
| 082 04 - DEWEY DECIMAL CLASSIFICATION NUMBER | |
| Edition number | 18 |
| Classification number | 515.35 |
| Author mark and year | KRI 1955 |
| 100 10 - MAIN ENTRY--PERSONAL NAME | |
| Personal name | Kryloff, N |
| 9 (RLIN) | 31167 |
| 245 10 - TITLE STATEMENT | |
| Title | Introduction to non-linear mechanics / |
| Statement of responsibility, etc. | N. Kryloff and N. Bogoliuboff. A free translation by Solomon Lefschetz of excerpts from two Russian monographs. |
| 260 ## - PUBLICATION, DISTRIBUTION, ETC. (IMPRINT) | |
| Place of publication, distribution, etc. | Princeton : |
| Name of publisher, distributor, etc. | Princeton university press, |
| Date of publication, distribution, etc. | 1947 [Printing 1955]. |
| 300 ## - PHYSICAL DESCRIPTION | |
| Pagination | 106 p. : |
| Illustrations | ill., |
| Size | 23 cm. |
| 490 1# - SERIES STATEMENT | |
| Series statement | Annals of mathematics studies, |
| Volume/sequential designation | 11. |
| 650 #0 - SUBJECT ADDED ENTRY--TOPICAL TERM | |
| Topical term or geographic name as entry element | Differential equations. |
| 9 (RLIN) | 31168 |
| Topical term or geographic name as entry element | Oscillations. |
| 9 (RLIN) | 21041 |
| 700 10 - ADDED ENTRY--PERSONAL NAME | |
| Personal name | Bogoliubov, N. N. |
| Personal name | Lefschetz, Solomon, |
| Relator term | translator. |
| 830 #0 - SERIES ADDED ENTRY--UNIFORM TITLE | |
| Uniform title | Annals of mathematics studies, |
| 942 ## - ADDED ENTRY ELEMENTS (KOHA) | |
| Source of classification or shelving scheme | Dewey Decimal Classification |
| Koha item type | Books |
| Lost status | Source of classification or shelving scheme | Damaged status | Not for loan | Permanent Location | Current Location | Shelving location | Date acquired | Source of acquisition | Cost, normal purchase price | Total Checkouts | Full call number | Date last seen | Copy number | Koha item type | Collection code |
|---|---|---|---|---|---|---|---|---|---|---|---|---|---|---|---|
| Dewey Decimal Classification | Not For Loan | Central Library, University of Rajshahi | Central Library, University of Rajshahi | Reading Room | 06/02/1958 | Oxford University press | 13.00 | 515.35 KRI 1955 | 23/01/2014 | C-1 | Books | ||||
| Dewey Decimal Classification | Central Library, University of Rajshahi | Central Library, University of Rajshahi | 31/01/1963 | Zeitlinger | 14.00 | 515.35 KRI 1955 | 06/09/2016 | C-2 | Books | Non-fiction |